Paroles - For me Formidable, Charles Aznavour - Statistiques

Statistiques générales
  • Ce quiz a été pris 389 fois
  • Le résultat moyen est 155 sur 198
Statistiques - réponses
Paroles % Correct
for
98%
me,
98%
me
98%
à
97%
de
97%
formidable
97%
je
96%
Je
96%
You
95%
you,
95%
you
95%
la
94%
te
94%
Te
94%
are
93%
dans
92%
langue
91%
Et
90%
et
90%
love
90%
on
90%
le
89%
my
89%
My
89%
the
87%
I
86%
one
86%
Molière
85%
very,
85%
véritable
84%
Pour
82%
dire
81%
Shakespeare
80%
l’écrire
78%
en
77%
ton
75%
tes
73%
Toi,
73%
Toi
73%
tout
73%
mon
72%
voudrais
72%
Darling
70%
puis
70%
un
70%
enfin
69%
plaire
69%
pouvoir
68%
si
67%
want
67%
vocabulaire
66%
jour
65%
peu
65%
lips
64%
c’est
63%
Ne
63%
s’en
63%
can
62%
désirable
62%
eyes,
62%
fout
62%
nose,
62%
reste
62%
adorables
61%
mes
60%
pas
60%
près
60%
Tu
60%
mieux
59%
ferais
58%
moi
57%
Avec
56%
bras
56%
qui
56%
d’aller
54%
minable
54%
suis
54%
canaille,
53%
canaille
53%
choisir
53%
tant
53%
viens
53%
air
52%
daisy,
52%
how
51%
How
51%
see
51%
demande
50%
n’as
50%
t’aime
50%
t’en
50%
cadeau
49%
compris
49%
fais
49%
mots
49%
pis
49%
pourquoi
49%
t’offrir
49%
même
46%
moques
45%
d’avoir
44%
malheureux
42%
But
41%
Aucun quiz correspondant
Distribution des résultats
% des personnes avec chaque résultat
Percentile par nombre de réponses
Votre historique - résultats
Vous n’avez pas pris ce quiz